Advances in manufacturing systems : (Record no. 60806)

000 -LEADER
fixed length control field 01382pam a2200337 a 4500
001 - CONTROL NUMBER
control field 1125994
003 - CONTROL NUMBER IDENTIFIER
control field NUST-PNEC
005 - DATE AND TIME OF LATEST TRANSACTION
control field 20170116180708.0
008 - FIXED-LENGTH DATA ELEMENTS--GENERAL INFORMATION
fixed length control field 940812s1994 ne a 100 0 eng
010 ## - LIBRARY OF CONGRESS CONTROL NUMBER
LC control number 94034765
020 ## - INTERNATIONAL STANDARD BOOK NUMBER
International Standard Book Number 0444819711
040 ## - CATALOGING SOURCE
Transcribing agency PNEC
050 00 - LIBRARY OF CONGRESS CALL NUMBER
Classification number TS176
Item number .A343 1994
082 00 - DEWEY DECIMAL CLASSIFICATION NUMBER
Classification number 670.42 SOD
Edition number 20
100 ## - MAIN ENTRY--PERSONAL NAME
9 (RLIN) 422
Personal name Sodhi, R.S.
245 00 - TITLE STATEMENT
Title Advances in manufacturing systems :
Remainder of title design, modeling, and analysis /
Statement of responsibility, etc. edited by R.S. Sodhi ; assistant editors, M. Zhou and S. Das.
260 ## - PUBLICATION, DISTRIBUTION, ETC.
Place of publication, distribution, etc. Amsterdam ;
-- New York :
Name of publisher, distributor, etc. Elsevier,
Date of publication, distribution, etc. 1994.
300 ## - PHYSICAL DESCRIPTION
Extent xiv, 462 p. :
Other physical details ill. ;
Dimensions 25 cm.
440 #0 - SERIES STATEMENT/ADDED ENTRY--TITLE
Title Manufacturing research and technology ;
Volume/sequential designation 22
500 ## - GENERAL NOTE
General note Includes Index http://www.amazon.com/s/ref=nb_sb_noss?url=search-alias%3Dstripbooks&field-keywords=0444819711
504 ## - BIBLIOGRAPHY, ETC. NOTE
Bibliography, etc. note Includes bibliographical references.
650 #0 - SUBJECT ADDED ENTRY--TOPICAL TERM
Topical term or geographic name entry element Production engineering.
650 #0 - SUBJECT ADDED ENTRY--TOPICAL TERM
Topical term or geographic name entry element Production management.
650 #0 - SUBJECT ADDED ENTRY--TOPICAL TERM
Topical term or geographic name entry element Manufacturing processes.
650 #0 - SUBJECT ADDED ENTRY--TOPICAL TERM
Topical term or geographic name entry element Production control.
General subdivision IME
700 1# - ADDED ENTRY--PERSONAL NAME
Personal name Sodhi, R. S.
Fuller form of name (Raj S.)
711 2# - ADDED ENTRY--MEETING NAME
Meeting name or jurisdiction name as entry element International Conference on CAD/CAM, Robotics, and Factories of the Future
Number of part/section/meeting (9th :
Date of meeting 1993 :
Location of meeting Newark, N.J.)
906 ## - LOCAL DATA ELEMENT F, LDF (RLIN)
a 7
b cbc
c orignew
d 1
e ocip
f 19
g y-gencatlg
942 ## - ADDED ENTRY ELEMENTS (KOHA)
Source of classification or shelving scheme
Koha item type Book
Holdings
Withdrawn status Lost status Source of classification or shelving scheme Damaged status Not for loan Permanent Location Current Location Shelving location Date acquired Source of acquisition Cost, normal purchase price Total Checkouts Full call number Barcode Date last seen Cost, replacement price Price effective from Koha item type
          Pakistan Navy Engineering College (PNEC) Pakistan Navy Engineering College (PNEC) Reference 09/29/1996 Pak Book Co. 7405.70   670.42 SOD PNECLIB-019013 09/29/2014 7405.70 09/29/1996 Book
© 2023 Central Library, National University of Sciences and Technology. All Rights Reserved.